A student's guide to maxwell's equations / (Record no. 11270)

MARC details
000 -LEADER
fixed length control field 01448cam a2200373 i 4500
001 - CONTROL NUMBER
control field 15005282
003 - CONTROL NUMBER IDENTIFIER
control field EG-ScBUE
005 - DATE AND TIME OF LATEST TRANSACTION
control field 20250422114632.0
008 - FIXED-LENGTH DATA ELEMENTS--GENERAL INFORMATION
fixed length control field 070913s2008 enka f b 001 0 eng d
020 ## - INTERNATIONAL STANDARD BOOK NUMBER
International Standard Book Number 9780521701471 (pbk. : alk. paper)
020 ## - INTERNATIONAL STANDARD BOOK NUMBER
International Standard Book Number 0521701473 (pbk. : alk. paper)
035 ## - SYSTEM CONTROL NUMBER
System control number (OCoLC)ocn173182616
035 ## - SYSTEM CONTROL NUMBER
System control number (OCoLC)173182616
040 ## - CATALOGING SOURCE
Original cataloging agency EG-ScBUE
Language of cataloging eng
Description conventions rda
Transcribing agency EG-ScBUE
Modifying agency EG-ScBUE
082 04 - DEWEY DECIMAL CLASSIFICATION NUMBER
Classification number 530.141
Edition number 22
Item number FLE
100 1# - MAIN ENTRY--PERSONAL NAME
Personal name Fleisch, Daniel A.,
9 (RLIN) 3552
Relator term author.
245 12 - TITLE STATEMENT
Title A student's guide to maxwell's equations /
Statement of responsibility, etc Daniel Fleisch, Wittenberg University.
246 30 - VARYING FORM OF TITLE
Title proper/short title Maxwell's equations
250 ## - EDITION STATEMENT
Edition statement First edition.
250 ## - EDITION STATEMENT
Edition statement Fourth printing.
264 #1 - PUBLICATION, DISTRIBUTION, ETC. (IMPRINT)
Place of publication, distribution, etc Cambridge :
Name of publisher, distributor, etc Cambridge University Press,
Date of publication, distribution, etc 2008.
300 ## - PHYSICAL DESCRIPTION
Extent ix, 134 pages :
Other physical details illustrations ;
Dimensions 23 cm
336 ## - CONTENT TYPE
Source rdacontent
Content type term text
Content type code txt
337 ## - MEDIA TYPE
Media type term unmediated
Source rdamedia
Media type code n
338 ## - CARRIER TYPE
Carrier type term volume
Carrier type code nc
Source rdacarrier
500 ## - GENERAL NOTE
General note Includes appendix.<br/>
504 ## - BIBLIOGRAPHY, ETC. NOTE
Bibliography, etc Includes bibliographical references and index.
650 #7 - SUBJECT ADDED ENTRY--TOPICAL TERM
Topical term or geographic name as entry element Maxwell equations.
9 (RLIN) 3553
Source of heading or term BUEsh
655 ## - INDEX TERM--GENRE/FORM
Form subdivision Reading book
856 41 - ELECTRONIC LOCATION AND ACCESS
Materials specified Table of contents only
Uniform Resource Identifier <a href="http://www.loc.gov/catdir/enhancements/fy0803/2007037901-t.html">http://www.loc.gov/catdir/enhancements/fy0803/2007037901-t.html</a>
856 42 - ELECTRONIC LOCATION AND ACCESS
Materials specified Publisher description
Uniform Resource Identifier <a href="http://www.loc.gov/catdir/enhancements/fy0803/2007037901-d.html">http://www.loc.gov/catdir/enhancements/fy0803/2007037901-d.html</a>
856 42 - ELECTRONIC LOCATION AND ACCESS
Materials specified Contributor biographical information
Uniform Resource Identifier <a href="http://www.loc.gov/catdir/enhancements/fy0803/2007037901-b.html">http://www.loc.gov/catdir/enhancements/fy0803/2007037901-b.html</a>
942 ## - ADDED ENTRY ELEMENTS (KOHA)
Source of classification or shelving scheme Dewey Decimal Classification
Koha item type Book - Borrowing
Holdings
Withdrawn status Lost status Source of classification or shelving scheme Damaged status Not for loan Collection code Home library Current library Shelving location Date acquired Source of acquisition Cost, normal purchase price Serial Enumeration / chronology Total Checkouts Total Renewals Full call number Barcode Date last seen Date checked out Cost, replacement price Price effective from Koha item type Materials specified (bound volume or other part)
    Dewey Decimal Classification     Baccah Central Library Central Library First floor 09/04/2009 Purchase 140.00 7117 2 8 530.141 FLE 000015878 15/07/2025 29/01/2017 175.00 09/04/2009 Book - Borrowing  
    Dewey Decimal Classification     Baccah Central Library Central Library First floor 19/05/2009 Purchase 140.00   1 13 530.141 FLE 000016124 15/07/2025 13/03/2017 175.00 19/05/2009 Book - Borrowing  
  Lost Dewey Decimal Classification     Baccah Central Library Central Library First floor 19/05/2009   140.00   3 26 530.141 FLE 000016121 18/10/2012 18/10/2012 175.00 19/05/2009 Book - Borrowing Lost In Inventory_2015-8-23
    Dewey Decimal Classification     Baccah Central Library Central Library First floor 19/05/2009 Purchase 140.00   1 1 530.141 FLE 000016122 15/07/2025 24/03/2013 175.00 19/05/2009 Book - Borrowing  
    Dewey Decimal Classification     Baccah Central Library Central Library First floor 19/05/2009 Purchase 140.00       530.141 FLE 000016123 15/07/2025   175.00 19/05/2009 NB - Book (Non borrowing)